000 01438cab a2200277 4500
001 L136824
008 070226n2007 000 0 eng u
035 _a(Sirsi) u136824
041 _aeng
100 1 _aMcClary, Samantha
245 0 0 _aEG retail
260 _c2007
490 0 0 _aEstates Gazette
_vSupplement (0708) 24 February 2007 65 (LOAN)
520 _aProvides a roundup of the retail market in the UK, Europe, the Americas and Asia. Looks at the new image of McDonald's and asks whether it will persuade landlords it can pay a healthy rent. Reports on new ways retailers are finding to attract consumers and keep them coming back. Covers international expansion for retail operations. Looks at real estate investment trusts asking whether opening the commercial property market to a much wider group of potential investors is a mixed blessing. Reports on what happens when cash-strapped retailers tilt the balance in rent negotiations. Provides case studies of retail in Russia and Ireland. Reports on who won the Estates Gazette Retail and Future Project Awards in November 2006.
590 _aKA
651 4 _aInternational
690 _aPROPERTY-COMMERCIAL PROPERTY-RETAIL PROPERTY
700 1 _aOsborne, Helen
700 1 _aRovnick, Naomi
700 1 _aHarris, David
700 1 _aDonnelly, Michael
700 1 _aWard, Hazel
700 1 _aLyall, Sutherland
700 1 _aKivlehan, Noella Pio
942 _n0
999 _c78456
_d78456